00314nam a2200121 a 4500001000400000003000500004005001700009008004100026040002000067100002700087245005800114260002000172244CDMR20130228185136.0130130s1971||||||||||||||||||||||||||||d aCDMRbcatcCDMR1 aCrehuet Serra, Pompeyo10aAnálisis de los "mass media"cPompeyo Crehuet Serra aBarcelonac1971